| 000 | 01062nam a2200301 a 4500 | ||
|---|---|---|---|
| 001 | 000007201 | ||
| 003 | DO-SdBNP | ||
| 005 | 20240625111447.0 | ||
| 008 | 240625s1998 dr ad 000 0 spa d | ||
| 040 |
_aDO-SdBNP _bspa _cBNPHU _erda |
||
| 082 |
_bR426m _222 |
||
| 110 |
_aRepública Dominicana. _bPresidencia de la República Oficina Nacional de Administración y Personal (ONAP) _985790 |
||
| 245 | 0 | 0 |
_aManual de organización del gobierno : _breforma del Estado 2 / _cintroducción Raymundo Amaro Guzmán. |
| 250 | _a6a. ed. | ||
| 264 |
_aSanto Domingo : _bONAP, _c1998 |
||
| 300 |
_a998 paginas. : _bilustraciones ; _c22 cm. |
||
| 336 |
_2rdacontent _atexto _btxt |
||
| 337 |
_2rdamedia _asin mediación _bn |
||
| 338 |
_2rdacarrier _avolumen _bnc |
||
| 490 | 1 |
_vReforma del estado ; _v2 |
|
| 500 | _aIncluye anexo | ||
| 590 | _aInventariado, 2024/DG | ||
| 700 | 1 |
_aAmaro Guzmán, Raymundo _eintroducción _9656 |
|
| 710 | 1 |
_aOficina Nacional de Planificación (República Dominicana ) _910843 |
|
| 830 | _919984 | ||
| 910 | _aDG | ||
| 942 |
_2ddc _cLBS1 |
||
| 999 |
_c56968 _d56968 |
||